[Event "NRW-ch U16/18 Girls"]
[Site "Wolfsburg"]
[Date "2004.04.13"]
[Round "2"]
[White "Jeremias, Bianca"]
[Black "Haverkamp, Katrin"]
[Result "1-0"]
[WhiteElo "1719"]
[BlackElo "1349"]
[PlyCount "91"]
[EventDate "2004.04.??"]
[EventType "swiss"]
[EventRounds "7"]
[EventCountry "GER"]
[SourceTitle "EXT 2005"]
[Source "ChessBase"]
[SourceDate "2004.11.15"]
[SourceVersion "1"]
[SourceVersionDate "2004.11.15"]
[SourceQuality "1"]

1. e4 d5 2. exd5 Nf6 3. d4 Nxd5 4. c4 Nf6 5. Nf3 Bf5 6. Be2 e6 7. a3 c5 8. Nc3 cxd4 9. Nxd4 Bg6 10. 0-0 Nbd7 11. Ndb5 a6 12. Nd6+ Bxd6 13. Qxd6 Qb6 14. Qxb6 Nxb6 15. Be3 Nbd7 16. Rfd1 0-0 17. Bf3 Rab8 18. Rd2 b6 19. Rad1 Rfc8 20. Rxd7 Nxd7 21. Rxd7 f6 22. Bb7 Rxc4 23. Bxa6 Be8 24. Rxg7+ Kxg7 25. Bxc4 Bd7 26. Bb5 Bxb5 27. Nxb5 Kf7 28. Kf1 Ke7 29. Ke2 Kd7 30. Kd3 Kc6 31. Nc3 b5 32. Ne4 f5 33. Ng5 e5 34. Nf7 Kd5 35. g3 Rc8 36. Ng5 h5 37. Nh3 Rc4 38. b3 Rc6 39. Ng1 e4+ 40. Kd2 Ra6 41. Kc2 Rxa3 42. Kb2 Ra6 43. Ne2 Ke5 44. Nd4 b4 45. Nc2 Rd6 46. Bf4+ 1-0

[Event "NRW-ch U16/18 Girls"]
[Site "Wolfsburg"]
[Date "2004.04.12"]
[Round "1"]
[White "Haverkamp, Katrin"]
[Black "Mass, Elvira"]
[Result "1/2-1/2"]
[WhiteElo "1349"]
[BlackElo "1986"]
[PlyCount "63"]
[EventDate "2004.04.??"]
[EventType "swiss"]
[EventRounds "7"]
[EventCountry "GER"]
[SourceTitle "EXT 2005"]
[Source "ChessBase"]
[SourceDate "2004.11.15"]
[SourceVersion "1"]
[SourceVersionDate "2004.11.15"]
[SourceQuality "1"]

1. e4 e6 2. d4 d5 3. exd5 exd5 4. Nf3 Bd6 5. Bd3 Ne7 6. 0-0 c6 7. Be3 Bg4 8. Nbd2 Qc7 9. Qc1 f5 10. Bg5 0-0 11. Bxe7 Qxe7 12. Re1 Qc7 13. c4 Bf4 14. Qc2 Na6 15. Qb3 Qb6 16. Qxb6 axb6 17. cxd5 cxd5 18. a3 Rfe8 19. h3 Bxf3 20. Nxf3 g6 21. h4 Rac8 22. g3 Bh6 23. h5 Rxe1+ 24. Rxe1 Rc1 25. hxg6 hxg6 26. Kf1 Rxe1+ 27. Nxe1 Bc1 28. Bxa6 bxa6 29. Nd3 Bh6 30. b3 a5 31. Ke2 Bg7 32. Ne5 1/2-1/2

[Event "Rheinhausen op"]
[Site "Duisburg"]
[Date "2004.01.09"]
[Round "1"]
[White "Heinert, Eugen"]
[Black "Haverkamp, Katrin"]
[Result "1-0"]
[WhiteElo "1912"]
[BlackElo "1349"]
[PlyCount "31"]
[EventDate "2004.01.09"]
[EventType "swiss"]
[EventRounds "7"]
[EventCountry "GER"]
[SourceTitle "EXT 2006"]
[Source "ChessBase"]
[SourceDate "2005.11.24"]
[SourceVersion "1"]
[SourceVersionDate "2005.11.24"]
[SourceQuality "1"]

1. c4 e5 2. Nc3 Nc6 3. g3 Nf6 4. Bg2 Bc5 5. a3 a6 6. e3 d6 7. Nge2 Be6 8. d4 exd4 9. exd4 Ba7 10. d5 Bxd5 11. Nxd5 Nxd5 12. cxd5 Ne7 13. Qb3 c6 14. Qxb7 cxd5 15. 0-0 Bb6 16. Be3 1-0

[Event "NRW-ch U16/18 Girls"]
[Site "Kranenburg"]
[Date "2003.04.21"]
[Round "1"]
[White "Haverkamp, Katrin"]
[Black "Raus, Christina"]
[Result "1/2-1/2"]
[WhiteElo "1324"]
[BlackElo "875"]
[PlyCount "103"]
[EventDate "2003.04.??"]
[EventType "swiss"]
[EventRounds "7"]
[EventCountry "GER"]
[SourceTitle "EXT 2005"]
[Source "ChessBase"]
[SourceDate "2004.11.15"]
[SourceVersion "1"]
[SourceVersionDate "2004.11.15"]
[SourceQuality "1"]

1. e4 e5 2. Nf3 Nc6 3. c3 Nf6 4. d4 exd4 5. e5 Ng4 6. cxd4 d6 7. h3 Nh6 8. Bxh6 gxh6 9. Nc3 dxe5 10. Bb5 Bd7 11. dxe5 Qe7 12. Nd5 Qd8 13. Qe2 Bg7 14. 0-0 a6 15. Bxc6 Bxc6 16. Nc3 Qe7 17. e6 Qxe6 18. Rfe1 Qxe2 19. Rxe2+ Kf8 20. Ne5 Bxe5 21. Rxe5 Rg8 22. g3 Rg5 23. Re3 Re8 24. Rxe8+ Kxe8 25. Re1+ Kf8 26. Re3 Rg6 27. Ne2 Re6 28. Nd4 Rxe3 29. fxe3 Bd7 30. g4 Be6 31. a3 c5 32. Nf5 Bxf5 33. gxf5 b5 34. Kf2 a5 35. Ke2 Ke7 36. h4 b4 37. Kd3 bxa3 38. bxa3 Kd6 39. Kc4 Kc6 40. e4 Kd6 41. a4 f6 42. Kb5 Ke5 43. Kxa5 c4 44. Kb4 Kd4 45. a5 c3 46. a6 c2 47. a7 c1Q 48. a8Q Qc4+ 49. Ka3 Qc3+ 50. Ka2 Qc2+ 51. Ka3 Qc1+ 52. Ka2 1/2-1/2

[Event "Niederrhein-ch (Women)"]
[Site "Niederrhein"]
[Date "2001.04.14"]
[Round "5"]
[White "Tumminello, Antonietta"]
[Black "Haverkamp, Katrin"]
[Result "1-0"]
[WhiteElo "1524"]
[BlackElo "706"]
[PlyCount "79"]
[EventDate "2001.04.06"]
[EventType "tourn"]
[EventRounds "5"]
[EventCountry "GER"]
[SourceTitle "EXT 2006"]
[Source "ChessBase"]
[SourceDate "2005.11.24"]
[SourceVersion "1"]
[SourceVersionDate "2005.11.24"]
[SourceQuality "1"]

1. e4 d5 2. exd5 Qxd5 3. Nf3 e5 4. Nc3 Qa5 5. d3 Bd6 6. Be2 c5 7. 0-0 Nf6 8. Be3 Nc6 9. Ne4 Nxe4 10. dxe4 Qc7 11. c3 h6 12. Qc2 Be6 13. a4 0-0 14. Rad1 a6 15. h3 Na5 16. c4 Rab8 17. Rd2 Rbd8 18. Qc3 Qb6 19. Nxe5 Qc7 20. Nf3 b6 21. e5 Be7 22. b3 Rxd2 23. Bxd2 f6 24. Bd1 Nc6 25. Bf4 Qb7 26. Re1 b5 27. cxb5 axb5 28. axb5 Qxb5 29. Re3 Na5 30. Nd2 Kf7 31. exf6 Bxf6 32. Be5 Rb8 33. Bxf6 gxf6 34. Ne4 c4 35. Nd6+ Ke7 36. Nxb5 Rxb5 37. bxc4 Rc5 38. Be2 Kd7 39. Qxf6 Bxc4 40. Re7+ 1-0